=LDR 00000nam 2200000 4500 =001 INLIS000000000060799 =005 20220328072636 =035 ##$$a 0010-0322000152 =007 ta =008 220328###########################0#ind## =020 ##$$a 978-979-3465-8 =082 ##$$a 297.42 =084 ##$$a 297.42 Gem h =100 #$$a Gemala Dewi, =245 1#$$a Hukum Perikatan Islam di Indonesia /$c Gemala Dewi, Wirdyaningsih, Yeni Salma Barlinti =260 ##$$a jakarta :$b Premada Media,$c 2020 =300 ##$$a xvi, 218 hlm. ; $c 23 Cm. =650 #4$$a Hukum Perikatan ( Islam) =990 ##$$a 12521252 =990 ##$$a 12521252 =990 ##$$a 12521252 =990 ##$$a 12521252